Les 8 sorcier les plus puisant de Harry Potter - Statistiques

Statistiques générales
  • Ce quiz a été pris 853 fois
    449 depuis la dernière actualisation
  • Le résultat moyen est 4 sur 8
Statistiques - réponses
réponse % Correct
2 Lord Voldemort
98%
1 Albus Dumbledore
97%
6 Severus Rogue
69%
7 Minerva McGonagall
62%
3 Gellert Grindelwald
49%
5 Godric Gryffondor
16%
4 Salazar Serpentard
16%
8 Croyance Bellebosse
3%
Aucun quiz correspondant
Distribution des résultats
% des personnes avec chaque résultat
Percentile par nombre de réponses
Votre historique - résultats
Vous n’avez pas pris ce quiz depuis la dernière actualisation